[Event "Sparkassen Open A"]
[Site "Dortmund GER"]
[Date "2011.07.26"]
[Round "4.36"]
[White "Fichtner, Ewald"]
[Black "Butschek, Marc"]
[Result "0-1"]
[WhiteElo "2038"]
[BlackElo "1891"]
[WhiteFideId "1270194"]
[BlackFideId "4630904"]
[EventDate "2011.07.23"]

1. d4 f5 2. Bf4 Nf6 3. e3 g6 4. h4 h6 5. c4 d6 6. Nc3 Nbd7 7. Nf3 Bg7 8. Qc2 c5
9. d5 Qa5 10. Nd2 Ng4 11. Be2 Nge5 12. Bg3 a6 13. h5 g5 14. f4 Nf7 15. Bd3 Bxc3
16. bxc3 Nf6 17. e4 Rg8 18. Nb3 Qa4 19. e5 gxf4 20. exf6 Rxg3 21. O-O Ne5 22.
Be2 Nxc4 23. Rxf4 Ne3 24. Rxa4 Nxc2 25. Rc1 Rxc3 26. Na1 Nd4 27. Re1 Bd7 28. Bd1
Bxa4 29. Bxa4+ b5 30. Rxe7+ Kf8 31. Rh7 Re8 0-1

[Event "Sparkassen Open A"]
[Site "Dortmund GER"]
[Date "2011.07.26"]
[Round "4.39"]
[White "Morgenroth, Hubertus"]
[Black "Fischoeder, Heiko"]
[Result "1-0"]
[WhiteElo "1829"]
[BlackElo "1989"]
[WhiteFideId "12922269"]
[BlackFideId "4692942"]
[EventDate "2011.07.23"]

1. e4 c5 2. Nf3 e6 3. d4 cxd4 4. c3 d3 5. Bxd3 Nc6 6. e5 a6 7. O-O d6 8. Bf4 h6
9. Re1 g5 10. Bg3 h5 11. exd6 h4 12. Be5 Nxe5 13. Nxe5 Bxd6 14. Na3 Qc7 15. Nac4
Bf8 16. Qf3 Nh6 17. Rad1 Rg8 18. h3 Rg7 19. Bc2 Be7 20. Qh5 Ng8 21. Nxf7 Rxf7
22. Ne5 Bf6 23. Nxf7 Ke7 24. Nd6 Kf8 25. Ne4 Qg7 26. Nc5 e5 27. Qf3 g4 28. Qe4
gxh3 29. Qg6 hxg2 30. Qxg7+ Kxg7 31. Kxg2 Bg4 32. f3 b6 33. Nd7 Be6 34. Nxe5 Nh6
35. Kh2 Bg5 36. Rg1 Kf6 37. Ng4+ Nxg4+ 38. fxg4 Bf4+ 39. Kh3 Bg3 40. Rgf1+ Kg5
41. Bf5 Bxa2 42. Rd7 Be5 43. Rh7 Rh8 44. Rxh8 Bxh8 45. Bc8 Bf6 46. Bxa6 Be6 47.
Be2 Be5 48. Rf8 Bg3 49. c4 Bd7 50. Rd8 Bc6 51. b4 Be4 52. c5 bxc5 53. bxc5 Kf4
54. Rf8+ Ke3 55. Re8 Kd4 56. g5 Bf5+ 57. Bg4 Bg6 58. Rc8 Ke3 59. Rc6 Be4 60. Re6
Kf4 61. Rxe4+ Kxe4 62. g6 Be5 63. c6 Kd5 64. c7 Bxc7 65. g7 1-0

[Event "Sparkassen Open A"]
[Site "Dortmund GER"]
[Date "2011.07.26"]
[Round "4.48"]
[White "Oberste, Norbert"]
[Black "Brehm, Stefan"]
[Result "1-0"]
[WhiteElo "1865"]
[BlackElo "1760"]
[WhiteFideId "24608432"]
[BlackFideId "1271613"]
[EventDate "2011.07.23"]

1. f4 d5 2. d4 Nf6 3. e3 e6 4. Nf3 c5 5. Bb5+ Bd7 6. Bd3 Be7 7. O-O O-O 8. c3
Nc6 9. Nbd2 Rc8 10. Ne5 g6 11. Rf3 Nxe5 12. fxe5 Nh5 13. g4 Ng7 14. Rh3 f5 15.
exf6 Bxf6 16. Nf3 Rf7 17. Qe2 Qe7 18. e4 e5 19. dxe5 Bxe5 20. Ng5 c4 21. Nxf7
cxd3 22. Nh6+ Kh8 23. Rxd3 Bb5 24. Be3 dxe4 25. Rd8+ Rxd8 26. Qxb5 Qc7 27. Qxe5 1-0

[Event "Sparkassen Open A"]
[Site "Dortmund GER"]
[Date "2011.07.26"]
[Round "4.49"]
[White "Niediek, Cedric"]
[Black "Bosshard, Rolf"]
[Result "1-0"]
[WhiteElo "1820"]
[BlackElo "1842"]
[WhiteFideId "12936685"]
[BlackFideId "1310283"]
[EventDate "2011.07.23"]

1. e4 g6 2. d4 Bg7 3. Nf3 d6 4. Bc4 e6 5. O-O Ne7 6. Nc3 O-O 7. Bg5 h6 8. Be3
Nd7 9. Qd2 Kh7 10. h3 a6 11. a4 b6 12. Nh2 Bb7 13. Bb3 Nf6 14. Ng4 Neg8 15. f3
Qe7 16. Rae1 Rfd8 17. d5 e5 18. Qf2 Nh5 19. f4 exf4 20. Bxf4 Nxf4 21. Qxf4 h5
22. Nh2 Nh6 23. Nf3 Rf8 24. e5 dxe5 25. Nxe5 Bxe5 26. Rxe5 Qc5+ 27. Kh2 f5 28.
Rfe1 Rad8 29. d6 Qxd6 30. Re7+ Kh8 31. Qxd6 Rxd6 32. Rxc7 Be4 33. Nxe4 fxe4 34.
Rxe4 Nf5 35. Re2 h4 36. c3 Rfd8 37. Bc2 Ng3 38. Ree7 Rf6 39. Rh7+ Kg8 40. Bb3+ 1-0

[Event "Sparkassen Open A"]
[Site "Dortmund GER"]
[Date "2011.07.27"]
[Round "5.1"]
[White "Zaitsev, Mikhail"]
[Black "Kartsev, Alexandr"]
[Result "1-0"]
[WhiteTitle "IM"]
[WhiteElo "2499"]
[BlackElo "2196"]
[WhiteFideId "4127560"]
[BlackFideId "24647110"]
[EventDate "2011.07.23"]

1. e4 c6 2. d4 d5 3. exd5 cxd5 4. c4 Nf6 5. Nc3 g6 6. cxd5 Nxd5 7. Bc4 Nb6 8.
Bb3 Bg7 9. d5 O-O 10. Nge2 Na6 11. Be3 Bg4 12. O-O Rc8 13. h3 Bxe2 14. Qxe2 Nc5
15. Rfd1 Nxb3 16. axb3 a6 17. Bg5 Bf6 18. Bxf6 exf6 19. Rd4 Re8 20. Qd2 Kg7 21.
Rd1 Nd7 22. d6 Qa5 23. b4 Qf5 24. Rf4 Qe6 25. Re4 Qb3 26. Re7 Red8 27. Rde1 Rc6
28. R1e3 Ne5 29. Ne4 Qa2 30. Kh2 g5 31. Nxf6 Kxf6 32. R3xe5 h6 33. d7 Qc4 34.
Re8 Rxd7 35. Qxd7 Qf4+ 36. Kg1 Qxb4 37. Rf5+ 1-0

[Event "Sparkassen Open A"]
[Site "Dortmund GER"]
[Date "2011.07.27"]
[Round "5.2"]
[White "Mundorf, Johannes"]
[Black "Jesse, Ingemars"]
[Result "1-0"]
[WhiteElo "2024"]
[BlackElo "2270"]
[WhiteFideId "24672491"]
[BlackFideId "11602724"]
[EventDate "2011.07.23"]

1. Nf3 g6 2. d4 Nf6 3. g3 Bg7 4. Bg2 O-O 5. O-O d5 6. Nbd2 c5 7. e3 Nc6 8. b3
Ne4 9. Bb2 Qa5 10. c4 Nxd2 11. Nxd2 Bg4 12. Qxg4 Qxd2 13. cxd5 Nxd4 14. exd4
Qxb2 15. dxc5 Qxa1 16. Rxa1 Bxa1 17. b4 a5 18. b5 Rac8 19. c6 b6 20. Qe4 Rc7 21.
Qe3 Rb8 22. Qf4 Rbc8 23. Bh3 f5 24. g4 Bf6 25. gxf5 g5 26. Qe3 Rb8 27. a4 Kg7
28. Bg2 Kh8 29. Bf1 Ra7 30. Be2 Kg7 31. Kg2 Kh8 32. Kg3 Kg7 33. Kg4 Rc7 34. Kh5
Kh8 35. Bc4 Ra7 36. Qg3 Rc8 37. d6 exd6 38. Qxd6 Kg7 39. Be6 Rcc7 40. Bd7 1-0

[Event "Sparkassen Open A"]
[Site "Dortmund GER"]
[Date "2011.07.27"]
[Round "5.3"]
[White "De Schampheleire, Glen"]
[Black "Kirsanova, Ekaterina"]
[Result "1-0"]
[WhiteTitle "FM"]
[BlackTitle "WFM"]
[WhiteElo "2263"]
[BlackElo "2157"]
[WhiteFideId "208701"]
[BlackFideId "4168810"]
[EventDate "2011.07.23"]

1. d4 d5 2. c4 dxc4 3. Nf3 Nf6 4. e3 e6 5. Bxc4 c5 6. O-O a6 7. Bb3 b5 8. a4 b4
9. e4 Bb7 10. e5 Nd5 11. Nbd2 Nd7 12. Nc4 Be7 13. Bg5 O-O 14. Bxe7 Qxe7 15. Nd6
Rab8 16. Rc1 cxd4 17. Nxb7 Rxb7 18. Qxd4 Rd8 19. Rfd1 Nf8 20. Qc4 a5 21. Qc5 Ng6
22. Qxa5 Ngf4 23. Rd2 Rbd7 24. Rcd1 Rb8 25. Qa6 h5 26. g3 Nh3+ 27. Kg2 Ng5 28.
Bxd5 exd5 29. Nxg5 Qxg5 30. Rxd5 Rxd5 31. Rxd5 h4 32. Qd3 Re8 33. Qd4 hxg3 34.
hxg3 b3 35. e6 Qg6 36. exf7+ Qxf7 37. Rd7 Qg6 38. Qd5+ Kh8 39. Qxb3 Qe4+ 40. Qf3 1-0

[Event "Sparkassen Open A"]
[Site "Dortmund GER"]
[Date "2011.07.27"]
[Round "5.4"]
[White "Savchenko, Aleksij"]
[Black "Quast, Marcel"]
[Result "1/2-1/2"]
[WhiteElo "2257"]
[BlackElo "2173"]
[WhiteFideId "24611727"]
[BlackFideId "24663476"]
[EventDate "2011.07.23"]

1. e4 e5 2. Nf3 d6 3. d4 Nd7 4. Bc4 c6 5. O-O Be7 6. Re1 Ngf6 7. c3 O-O 8. Bb3
exd4 9. cxd4 d5 10. e5 Ne4 11. Nbd2 Nxd2 12. Bxd2 Re8 13. Bc2 Nf8 14. h3 f6 15.
Bf4 Be6 16. Qd3 g6 17. Qd2 Qd7 18. exf6 Bxf6 19. Be5 Qg7 20. h4 Nd7 21. Qf4 Bxe5
22. dxe5 Rf8 23. Qg3 Bf5 24. Bxf5 Rxf5 25. Re2 Nc5 26. Nd4 Rf7 27. Qe3 Ne4 28.
f3 Ng3 29. Ree1 Nf5 30. Nxf5 Rxf5 31. g4 Rf7 32. Re2 Raf8 33. Rf1 Rf4 1/2-1/2

[Event "Sparkassen Open A"]
[Site "Dortmund GER"]
[Date "2011.07.27"]
[Round "5.5"]
[White "Ciornei, Dragos"]
[Black "Bomans, Arno"]
[Result "1/2-1/2"]
[WhiteElo "2182"]
[BlackElo "2198"]
[WhiteFideId "4619200"]
[BlackFideId "206024"]
[EventDate "2011.07.23"]

1. e4 c5 2. Nf3 d6 3. d4 cxd4 4. Nxd4 Nf6 5. Nc3 Nc6 6. Bc4 Qb6 7. Nb3 e6 8. Bd3
Be7 9. O-O O-O 10. Kh1 Qc7 11. f4 a6 12. Qe2 b5 13. Bd2 b4 14. Nd1 a5 15. c3 e5
16. f5 a4 17. Nc1 Bb7 18. Nf2 a3 19. b3 bxc3 20. Bxc3 d5 21. exd5 Nxd5 22. Bd2
Nd4 23. Qh5 Nf6 24. Qh3 e4 25. Bc4 Nc2 26. Rb1 e3 27. Bxe3 Nxe3 28. Qxe3 Bc5 29.
Qh3 Bxf2 30. Rxf2 Ne4 31. Rc2 Qb6 32. Nd3 Rad8 33. Rf1 Rd6 34. Qh4 Rh6 35. Qf4
Qd8 36. Ne5 Rh4 37. Nxf7 Rxf7 38. Bxf7+ Kxf7 39. Qc7+ Qxc7 40. Rxc7+ Kf6 41.
Rxb7 Ng3+ 42. Kg1 Nxf1 43. Kxf1 Rxh2 44. Ra7 Rh1+ 45. Kf2 Kxf5 46. Rxa3 Ke4 47.
Ra7 g5 48. a4 h5 49. a5 Rb1 50. Rb7 Rb2+ 51. Kg3 h4+ 52. Kh3 Ra2 53. Rb4+ Kf5
54. g4+ hxg3 55. Ra4 Rb2 56. a6 g4+ 57. Rxg4 Rxb3 58. Ra4 Rb8 59. a7 Ra8 60.
Kxg3 1/2-1/2

[Event "Sparkassen Open A"]
[Site "Dortmund GER"]
[Date "2011.07.27"]
[Round "5.7"]
[White "Tran, Duc Cuong"]
[Black "Sundorf, Jannik"]
[Result "1/2-1/2"]
[WhiteElo "1974"]
[BlackElo "2121"]
[WhiteFideId "24689718"]
[BlackFideId "12905380"]
[EventDate "2011.07.23"]

1. e4 c5 2. Nf3 g6 3. d4 cxd4 4. Nxd4 Nf6 5. Nc3 d6 6. g3 Nc6 7. Bg2 Nxd4 8.
Qxd4 Bg7 9. O-O O-O 10. Qd3 Nd7 11. Nd5 e6 12. Ne3 Nc5 13. Qe2 b6 14. Rd1 Qe7
15. e5 d5 16. f4 Ba6 17. Qf2 Rac8 18. b3 Rfd8 19. Bb2 Rc7 20. Rd2 f5 21. exf6
Bxf6 22. Bxf6 Qxf6 23. Rad1 Rdc8 24. Rd4 h5 25. g4 Rg7 26. h3 Bb7 27. c4 Ne4 28.
Qf3 Nc3 29. Nxd5 Nxd5 30. cxd5 Bxd5 31. Qe2 Bxg2 32. Kxg2 hxg4 33. hxg4 g5 34.
fxg5 Rxg5 35. Re4 e5 36. Rf1 Qg7 37. Re1 Rc6 38. Kg3 Rc3+ 39. Kg2 Qc7 40. Qd1
Rc2+ 41. R1e2 Rxe2+ 42. Qxe2 Kg7 43. Qd2 Rg6 44. Rc4 Rc6 45. Qg5+ Kf7 46. Qh5+
Kg7 47. Qg5+ Kf7 1/2-1/2

[Event "Sparkassen Open A"]
[Site "Dortmund GER"]
[Date "2011.07.27"]
[Round "5.8"]
[White "Schorra, Helmut"]
[Black "Begna, Bozidar"]
[Result "0-1"]
[WhiteElo "2110"]
[BlackElo "2102"]
[WhiteFideId "4648692"]
[BlackFideId "4633555"]
[EventDate "2011.07.23"]

1. Nf3 Nf6 2. c4 e6 3. d4 Bb4+ 4. Nbd2 Nc6 5. a3 Bxd2+ 6. Bxd2 a5 7. Bg5 h6 8.
Bh4 d6 9. e3 O-O 10. Qc2 e5 11. d5 Nb8 12. Be2 Nbd7 13. O-O a4 14. Nd2 g5 15.
Bg3 Nc5 16. f4 Qe7 17. fxg5 hxg5 18. e4 Kg7 19. h4 Nh7 20. hxg5 Qxg5 21. Bh2
Qe3+ 22. Rf2 Ng5 23. Kf1 Ncxe4 24. Nxe4 Nxe4 25. Rf3 Nd2+ 26. Ke1 Nxf3+ 27. gxf3
Rh8 0-1

[Event "Sparkassen Open A"]
[Site "Dortmund GER"]
[Date "2011.07.27"]
[Round "5.9"]
[White "Richters, Marc"]
[Black "Mulder, Bart-Piet"]
[Result "1-0"]
[WhiteElo "1969"]
[BlackElo "2260"]
[WhiteFideId "24612332"]
[BlackFideId "1006070"]
[EventDate "2011.07.23"]

1. e4 g6 2. d4 c6 3. c4 d5 4. exd5 cxd5 5. Nc3 Nf6 6. Bg5 Bg7 7. Nf3 Ne4 8. Bf4
Nxc3 9. bxc3 Nc6 10. Rb1 O-O 11. Bd3 dxc4 12. Bxc4 b6 13. O-O Bb7 14. Qd2 Rc8
15. Be2 e6 16. Bg5 Qd6 17. Rfd1 Na5 18. Bf4 Qe7 19. Ne5 a6 20. Nf3 Nc4 21. Qe1
Bd5 22. Nd2 Na3 23. Rbc1 b5 24. Nb3 Rfd8 25. h4 Qb7 26. f3 Qb6 27. Kh1 a5 28.
Qg3 a4 29. Nc5 e5 30. Be3 exd4 31. cxd4 Re8 32. Qf2 Qd6 33. Ne4 Qe6 34. Rxc8
Rxc8 35. Nc5 Qe7 36. Bd3 f5 37. h5 Qf7 38. Bf4 b4 39. Nxa4 Bxa2 40. Re1 Rd8 41.
Bg5 Bxd4 42. Qd2 Rb8 43. Qf4 Ba7 44. Re7 1-0

[Event "Sparkassen Open A"]
[Site "Dortmund GER"]
[Date "2011.07.27"]
[Round "5.10"]
[White "Kartsev, Soel"]
[Black "Neuer, Thomas"]
[Result "1-0"]
[WhiteElo "2182"]
[BlackElo "2096"]
[WhiteFideId "4130561"]
[BlackFideId "24604089"]
[EventDate "2011.07.23"]

1. e4 e6 2. d4 d5 3. e5 c5 4. c3 Qb6 5. Nf3 Nc6 6. a3 c4 7. g3 Na5 8. Nbd2 Bd7
9. h4 Ne7 10. Bh3 h6 11. h5 O-O-O 12. O-O Kb8 13. Nh4 Nec6 14. f4 Be7 15. Ng2
Nb3 16. Nxb3 Qxb3 17. Qe2 Na5 18. f5 Qb6 19. Be3 Bc8 20. Rf2 Rdf8 21. Raf1 Qd8
22. fxe6 Bxe6 23. Bxe6 fxe6 24. Nf4 Qe8 25. Nxe6 Rxf2 26. Rxf2 Bxa3 27. Nf4 Be7
28. Nxd5 Rf8 29. Bf4 Bg5 30. e6+ Bxf4 31. Nxf4 Qe7 32. Qe5+ 1-0

[Event "Sparkassen Open A"]
[Site "Dortmund GER"]
[Date "2011.07.27"]
[Round "5.12"]
[White "Luncescu, Christian"]
[Black "Aulich, Marcell"]
[Result "1-0"]
[WhiteElo "2163"]
[BlackElo "2086"]
[WhiteFideId "4648935"]
[BlackFideId "24631981"]
[EventDate "2011.07.23"]

1. e4 e5 2. Bc4 Nf6 3. d3 Nc6 4. Nc3 d6 5. f4 Bg4 6. Nf3 Nd4 7. Be3 Bxf3 8. gxf3
Nh5 9. fxe5 dxe5 10. O-O Be7 11. Ne2 Bc5 12. Nxd4 exd4 13. Bd2 Qh4 14. f4 Nf6
15. Be1 Qh3 16. Qf3 Qxf3 17. Rxf3 c6 18. Rg3 Rd8 19. Rxg7 Nxe4 20. Bh4 Rd7 21.
Re1 Kf8 22. Rxf7+ Rxf7 23. Bxf7 Kxf7 24. Rxe4 Rg8+ 25. Kf2 Bd6 26. Bg5 h6 27.
Bh4 b5 28. Kf3 c5 29. b4 Rc8 30. bxc5 Bxc5 31. Re2 a6 32. Kg4 Bf8 33. Be1 Be7
34. Kf5 Bf6 35. Bb4 Rd8 36. Rg2 Rd5+ 37. Ke4 Rd8 38. Ba5 Rd7 39. Bb6 Re7+ 40.
Kd5 Rd7+ 41. Kc6 Re7 42. Bc7 Re6+ 43. Kd5 Re7 44. Be5 Re8 45. Ke4 Rd8 46. Kf5
Rd5 47. Rg6 Bxe5 48. fxe5 Rc5 49. Rxh6 Rxc2 50. Rxa6 Rxh2 51. Ra7+ Kf8 52. Ke4
Rh4+ 53. Kd5 1-0

[Event "Sparkassen Open A"]
[Site "Dortmund GER"]
[Date "2011.07.27"]
[Round "5.14"]
[White "Steinle, Carsten"]
[Black "Steinmetzer, Thomas"]
[Result "0-1"]
[WhiteElo "2146"]
[BlackElo "2083"]
[WhiteFideId "24676462"]
[BlackFideId "4689690"]
[EventDate "2011.07.23"]

1. d4 d5 2. Nf3 Nf6 3. Bf4 c5 4. c3 cxd4 5. cxd4 Qb6 6. Qb3 Qxb3 7. axb3 Nc6 8.
Nc3 Bf5 9. e3 Nb4 10. Bb5+ Kd8 11. O-O a6 12. Ne5 Bg6 13. Rfc1 Rc8 14. Be2 b5
15. Bxb5 axb5 16. Nxb5 Rxc1+ 17. Rxc1 Nd7 18. Nxg6 fxg6 19. Bc7+ Ke8 20. Ba5 Na6
21. Rc8+ Kf7 22. Ra8 Nab8 23. Bc7 e6 24. Na7 Be7 25. Nc6 Rc8 26. Ne5+ Nxe5 27.
dxe5 Rxc7 28. f4 0-1

[Event "Sparkassen Open A"]
[Site "Dortmund GER"]
[Date "2011.07.27"]
[Round "5.15"]
[White "Zimmermann, Dirk"]
[Black "Koke, Christoph"]
[Result "1/2-1/2"]
[WhiteElo "2075"]
[BlackElo "2131"]
[WhiteFideId "4677498"]
[BlackFideId "4693213"]
[EventDate "2011.07.23"]

1. e4 c5 2. Nf3 d6 3. d3 Nc6 4. g3 g6 5. Bg2 Bg7 6. O-O Nf6 7. Re1 O-O 8. Nbd2
e5 9. a4 Rb8 10. Nc4 b6 11. Bg5 a6 12. Qd2 Be6 13. Bh6 Qc7 14. Bxg7 Kxg7 15. Nh4
d5 16. Ne3 Rbd8 17. exd5 Nxd5 18. Bxd5 Bxd5 19. Nxd5 Rxd5 20. Nf5+ gxf5 21. Qg5+
Kh8 22. Qf6+ 1/2-1/2

[Event "Sparkassen Open A"]
[Site "Dortmund GER"]
[Date "2011.07.27"]
[Round "5.16"]
[White "Beutelhoff, Josef"]
[Black "Hagedorn, Alfons"]
[Result "1-0"]
[WhiteElo "2128"]
[BlackElo "1958"]
[WhiteFideId "4621336"]
[BlackFideId "24651508"]
[EventDate "2011.07.23"]

1. d4 d5 2. c4 Bf5 3. cxd5 Bxb1 4. Qa4+ c6 5. dxc6 Nxc6 6. Rxb1 e5 7. Bd2 Qxd4
8. Qxd4 exd4 9. g3 Bd6 10. Bg2 Nge7 11. Nh3 O-O 12. O-O Rfe8 13. Rfc1 Rac8 14.
Nf4 Bxf4 15. gxf4 Nf5 16. Kf1 Nd6 17. Rc2 Ne4 18. Be1 Rcd8 19. Rd1 f5 20. b4 a6
21. a4 Nc3 22. Bxc3 dxc3 23. Rxd8 Rxd8 24. Bxc6 bxc6 25. Rxc3 Rd6 26. e3 Kf7 27.
Rc5 Ke7 28. Rxf5 Rd1+ 29. Kg2 Rb1 30. Ra5 Rxb4 31. Rxa6 c5 32. a5 c4 33. Ra7+
Kd6 34. Kf3 Rb5 35. a6 c3 36. Ke2 Rd5 37. Ra8 Rd2+ 38. Ke1 Kc7 39. Re8 Ra2 40.
Re4 Ra1+ 41. Ke2 Ra2+ 42. Kd3 Rxf2 43. Kxc3 Rxh2 44. Re7+ Kb8 45. Rxg7 Ra2 46.
Rxh7 Rxa6 47. Rd7 Kc8 48. Rd5 Ra3+ 49. Kd2 Kc7 50. Ke2 1-0

[Event "Sparkassen Open A"]
[Site "Dortmund GER"]
[Date "2011.07.27"]
[Round "5.17"]
[White "Kropp, Andreas Juergen"]
[Black "Fluechter, Gregor"]
[Result "1/2-1/2"]
[WhiteElo "2126"]
[BlackElo "1832"]
[WhiteFideId "1271711"]
[BlackFideId "12903396"]
[EventDate "2011.07.23"]

1. c4 e6 2. Nc3 c5 3. Nf3 Nc6 4. d4 cxd4 5. Nxd4 d5 6. Bf4 a6 7. cxd5 exd5 8. e3
Nf6 9. Be2 Bc5 10. Bg5 Bxd4 11. exd4 Be6 12. Qd2 O-O 13. O-O h6 14. Bf4 Re8 15.
Rfd1 b5 16. Rac1 Rc8 17. a4 b4 18. Na2 Ne4 19. Qd3 a5 20. b3 Bf5 21. Qf3 Qf6 22.
Be3 Ne7 23. Bb5 Red8 24. Qe2 Bg6 25. f3 Nd6 26. Ba6 Ra8 27. g4 Qe6 28. Bf4 Qxe2
29. Bxe2 f5 30. Rc7 Nec8 1/2-1/2

[Event "Sparkassen Open A"]
[Site "Dortmund GER"]
[Date "2011.07.27"]
[Round "5.18"]
[White "Eigemann, Frederik"]
[Black "Bramkamp, Rainer"]
[Result "1/2-1/2"]
[WhiteElo "1976"]
[BlackElo "2115"]
[WhiteFideId "24692034"]
[BlackFideId "4667298"]
[EventDate "2011.07.23"]

1. d4 d5 2. c4 e6 3. Nc3 Nf6 4. cxd5 exd5 5. Bg5 Be7 6. Qc2 Nbd7 7. e3 c6 8. Bd3
Nh5 9. Bxe7 Qxe7 10. Nge2 g6 11. O-O-O Ndf6 12. Rde1 Be6 13. Kb1 O-O-O 14. Ka1
Kb8 15. Na4 Rhe8 16. Rb1 Ng7 17. b4 Rc8 18. Rb3 Nd7 19. Qb2 b5 20. Nc5 Nxc5 21.
dxc5 Nh5 22. Nd4 Rc7 23. a4 bxa4 24. Ra3 Ka8 25. Rxa4 Bd7 26. Rc1 Rb8 27. Rc3
Be8 28. Rca3 Ng7 29. Nb3 Ne6 30. Qc3 f5 31. g3 Qg7 32. Kb2 Qxc3+ 33. Kxc3 Bd7
34. Ra1 Be8 35. Nd2 Bd7 36. Nf3 Be8 37. h4 Nd8 38. Nd4 Bd7 39. h5 Ne6 40. Nf3
Rf8 41. hxg6 hxg6 42. Rh1 Be8 43. Rh6 Rg7 44. Ra1 Nd8 45. Rah1 Kb7 46. Ne5 Rfg8
47. Rh8 Ne6 48. R1h7 Rxh8 49. Rxh8 Bf7 50. Bc2 Bg8 51. g4 fxg4 52. Nxg4 Bf7 53.
Ne5 d4+ 54. exd4 Nf4 55. Rf8 Nd5+ 56. Kd2 Be6 57. Nd3 Bf5 58. Ne5 Bxc2 59. Kxc2
Nxb4+ 60. Kb3 Nd5 1/2-1/2

[Event "Sparkassen Open A"]
[Site "Dortmund GER"]
[Date "2011.07.27"]
[Round "5.19"]
[White "Linker, Walter"]
[Black "Hobusch, Jan"]
[Result "1-0"]
[WhiteElo "2112"]
[BlackElo "1934"]
[WhiteFideId "24619280"]
[BlackFideId "12907634"]
[EventDate "2011.07.23"]

1. f4 d5 2. Nf3 Nf6 3. e3 Bg4 4. Be2 Nbd7 5. b3 c6 6. O-O Qc7 7. d4 Bxf3 8. Bxf3
e6 9. c4 Be7 10. Nc3 O-O 11. g4 Nb6 12. g5 Ne8 13. c5 Nd7 14. e4 b6 15. cxb6
Nxb6 16. e5 c5 17. Be3 cxd4 18. Nb5 Qd7 19. Nxd4 Nc7 20. Be2 Ba3 21. Bd3 g6 22.
Rb1 Bc5 23. Nf5 d4 24. Nh6+ Kh8 25. Bd2 Nbd5 26. Qe1 Ne3 27. Rf3 Ncd5 28. Qh4
Nc3 29. Re1 Qb7 30. Qh3 Nxa2 31. Bxe3 dxe3 32. Ng4 Nb4 33. Nf6 h5 34. Be4 Nd5
35. Nxh5 Rfd8 36. Nf6+ Kg7 37. Qh7+ 1-0

[Event "Sparkassen Open A"]
[Site "Dortmund GER"]
[Date "2011.07.27"]
[Round "5.20"]
[White "Freise, Eckhard"]
[Black "Rott, Georg"]
[Result "0-1"]
[WhiteElo "2032"]
[BlackElo "2223"]
[WhiteFideId "4652193"]
[BlackFideId "4633393"]
[EventDate "2011.07.23"]

1. d4 d5 2. c4 c6 3. Nf3 Nf6 4. Qc2 e6 5. g3 Nbd7 6. Bg2 Ne4 7. O-O Bd6 8. Nfd2
Nxd2 9. Nxd2 f5 10. Nf3 O-O 11. Bf4 Be7 12. h4 h6 13. Qc1 Qe8 14. Qe3 Nf6 15.
Ne5 Kh7 16. Qd3 Kg8 17. Rad1 Qh5 18. Bf3 Qe8 19. Kg2 Ne4 20. h5 Bf6 21. Ng6 Rf7
22. Bxe4 fxe4 23. Qb3 Qd8 24. f3 dxc4 25. Qxc4 Qd5 26. Qxd5 exd5 27. fxe4 dxe4
28. Be5 Bg4 29. Bxf6 gxf6 30. Nf4 Rd8 31. Kf2 Rd6 32. Ke3 f5 33. Rc1 Rfd7 34.
Rc4 Kf7 35. Ng6 Kf6 36. Ne5 Rg7 37. Rh1 Rg5 38. Ra4 a6 39. Kf4 Bxe2 40. Rc1 Bb5
41. Rb4 a5 42. Rxb5 cxb5 43. Rc8 Rxd4 44. Rf8+ Ke7 45. Rf7+ Ke6 0-1

[Event "Sparkassen Open A"]
[Site "Dortmund GER"]
[Date "2011.07.27"]
[Round "5.21"]
[White "Boehm, Juergen2"]
[Black "Chapman, Alan D"]
[Result "1-0"]
[WhiteElo "2220"]
[BlackElo "2043"]
[WhiteFideId "4606434"]
[BlackFideId "406937"]
[EventDate "2011.07.23"]

1. d4 d5 2. c4 e5 3. dxe5 d4 4. Nf3 Nc6 5. g3 Nge7 6. Bg2 Ng6 7. Bg5 Qd7 8. O-O
h6 9. Bf4 Nxf4 10. gxf4 g5 11. Nbd2 gxf4 12. Ne4 Be7 13. Nf6+ Bxf6 14. exf6 Rg8
15. Kh1 Qd6 16. b4 Qxf6 17. b5 Qg7 18. Rg1 Ne5 19. Qxd4 Ng4 20. Rad1 Qxd4 21.
Nxd4 Rg5 22. Bf3 Ne5 23. h4 Rxg1+ 24. Rxg1 Kf8 25. Bd5 a6 26. Rc1 axb5 27. cxb5
Ra4 28. Rxc7 Bh3 29. e3 fxe3 30. fxe3 f5 31. Bb3 Ra5 32. Ne6+ Ke8 33. Kh2 Bf1
34. Rc1 Kd7 35. Rxf1 Ng4+ 36. Kg3 Nxe3 37. Rc1 Kd6 38. Kf4 Ng2+ 39. Kxf5 Nxh4+
40. Kf6 Kd7 41. Rd1+ 1-0

[Event "Sparkassen Open A"]
[Site "Dortmund GER"]
[Date "2011.07.27"]
[Round "5.22"]
[White "Kuznetsov, Mark"]
[Black "Peter, Sebastian"]
[Result "1-0"]
[WhiteElo "2184"]
[BlackElo "1974"]
[WhiteFideId "24648019"]
[BlackFideId "24643521"]
[EventDate "2011.07.23"]

1. Nf3 Nf6 2. g3 b6 3. Bg2 Bb7 4. O-O e6 5. c4 Be7 6. b3 c5 7. Bb2 O-O 8. Nc3
Ne4 9. Nxe4 Bxe4 10. d3 Bb7 11. e4 d6 12. Qe2 Bf6 13. d4 Nc6 14. Rad1 Qc7 15.
dxc5 dxc5 16. Bxf6 gxf6 17. Qe3 Rad8 18. Qh6 Qe7 19. Rde1 Ne5 20. Nxe5 fxe5 21.
f4 exf4 22. Rxf4 Kh8 23. Ref1 e5 24. Rf6 Bc8 25. Bf3 Bh3 26. Rf2 Qd7 27. Be2
Qd1+ 1-0

[Event "Sparkassen Open A"]
[Site "Dortmund GER"]
[Date "2011.07.27"]
[Round "5.23"]
[White "Mazarov, Juergen"]
[Black "Henrotte, Nils"]
[Result "1/2-1/2"]
[WhiteElo "2172"]
[BlackElo "1951"]
[WhiteFideId "24617768"]
[BlackFideId "12923311"]
[EventDate "2011.07.23"]

1. e4 e6 2. d4 d5 3. Nd2 c5 4. exd5 exd5 5. Bb5+ Bd7 6. Qe2+ Be7 7. dxc5 Nf6 8.
Nb3 O-O 9. Be3 Re8 10. O-O-O a6 11. Bxd7 Nbxd7 12. Nf3 Nxc5 13. Rhe1 Nxb3+ 14.
axb3 Bb4 15. c3 Bc5 16. Qd3 Bxe3+ 17. Rxe3 Qb6 18. Nd4 Rxe3 19. Qxe3 Re8 20. Qd2
Qd6 21. h3 Qe5 22. Nf3 Qe2 23. Qxe2 Rxe2 24. Rd2 Rxd2 25. Kxd2 Kf8 26. Ke3 Ke7
27. Ne5 Ke6 28. Nd3 Kd6 29. f3 Nd7 30. Kd4 h6 31. b4 b6 32. b3 Nf8 33. Ke3 g6
34. Ne1 Ne6 35. Nc2 Ke5 36. g3 1/2-1/2